| 000 | 00723nam a2200205 a 4500 | ||
|---|---|---|---|
| 001 | 000012914 | ||
| 005 | 20200929163111.0 | ||
| 008 | 091118s19uu dr 000 0 spa d | ||
| 040 |
_aDO-SdBNP _bspa _cBNPHU |
||
| 082 |
_a109 _bG215f |
||
| 100 | 1 |
_aGarcía Bacca, Juan D. _929804 |
|
| 245 | 1 | 0 |
_aFragmentos filosóficos de los presocráticos / _cJuan D. García Bacca. |
| 260 |
_aCaracas : _bInstituto de Filosofía Facultad de Humanidades y Educación Central de Venezuela, _c[19??]. |
||
| 300 |
_a359 p. ; _c24 cm. |
||
| 650 | 4 |
_aFilosofía _xPoesía _929805 |
|
| 650 | 4 |
_aFilosofía _xColecciones _929806 |
|
| 650 | 4 |
_aFilosofìa antigua _91215 |
|
| 650 | 4 |
_aCiencias sociales _xEnseñanza superior _929807 |
|
| 049 | _aBNPD | ||
| 999 |
_c12562 _d12562 |
||